000 01599cam a22003131i 4500
003 SA-RiAUC
005 20241023130411.0
008 241019s2004 su f 00000 ara c
040 _aSA-MaUQU
_bara
_cSA-RiAUC
_erda
082 0 4 _a258.4
090 _a258.4
_bب هـ و
100 1 _aالبهوتي، منصور بن يونس بن صلاح الدين،
_d1000-1051 هجري
_eمؤلف.
245 1 0 _aعمدة الطالب في شرح نيل المآرب /
_cمنصور بن يونس البهوتي ؛ دراسة وتحقيق عبد المحسن عبد الملك بن دهيش.
250 _aالطبعة الأولى.
264 1 _aمكة المكرمة :
_bمكتبة الأسدي،
_c[2004]
300 _a186 صفحة ؛
_c24 سم
336 _aنص
_btxt
_2rdacontent
_3كتاب
337 _aبدون وسيط
_bn
_2rdamedia
338 _aمجلد
_bnc
_2rdacarrier
500 _aالأصل أطروحة ماجستير، جامعة لكنهو بالهند، 1996.
650 7 _aالفقه الحنبلي
_2aucsh
700 1 _aابن دهيش، عبد الملك بن عبد الله،
_d1360 هجري-
_eمحقق.
700 1 2 _aالتغلبي، عبد القادر بن عمر بن عبد القادر،
_d1052-1135 هجري
_tنيل المآرب بشرح دليل الطالب.
700 1 2 _aمرعي الكرمي، مرعي بن يوسف بن أبي بكر،
_dتوفي 1033 هجري
740 0 2 _aنيل المآرب بشرح دليل الطالب.
740 0 2 _aدليل الطالب لنيل المطالب.
942 _2ddc
_cBOOK
_n0
949 _aSA-JeALM
_d241019
_umohamedma123
_n1
999 _c1625
_d1625